Meine Forschungsreisen im Orient

Elmentve itt :
Bibliográfiai részletek
Szerző: Littmann Enno
Dokumentumtípus: Cikk
Megjelent: [Verlag der Vereinigung der Freunde der Universität] [Tübingen] 1954
Sorozat:Attempto : Nachrichten für die Freunde der Universität Tübingen
Kulcsszavak:Keletkutatás
Tárgyszavak:
Online Access:http://misc.bibl.u-szeged.hu/61006
LEADER 00826nab a2200229 i 4500
001 misc61006
005 20221026105312.0
008 220615s1954 hu o 0|| ger d
040 |a SZTE Miscellanea Repozitórium  |b hun 
041 |a ger 
100 1 |a Littmann Enno 
245 1 0 |a Meine Forschungsreisen im Orient  |h [elektronikus dokumentum] /  |c  Littmann Enno 
260 |a [Verlag der Vereinigung der Freunde der Universität]  |b [Tübingen]  |c 1954 
300 |a 11-12  |c 24 cm 
300 |a [2] p.  |c 24 cm 
490 0 |a Attempto : Nachrichten für die Freunde der Universität Tübingen 
561 |a Németh Gyula hagyaték 
591 |a NOV 3321 
650 4 |a Bölcsészettudományok 
650 4 |a Nyelvek és irodalom 
695 |a Keletkutatás 
856 4 0 |u http://misc.bibl.u-szeged.hu/61006/1/3321_nov_l73.pdf  |z Dokumentum-elérés